000 00515nam a2200181Ia 4500
008 220531s9999 xx 000 0 und d
041 _amar
100 _aशिरगावे एस.एल.आणि इतर
_964512
245 _aविपणन व्‍यवस्‍थापन २
250 _a1ST
260 _aPune
_bSuccess
_c2014
300 _a8.28
542 _d14-09-2015
551 _aCommerce
_bGrantebal-C
650 _aMarketing
_964513
906 _d2015-2016
999 _c36570
_d36570